| 000 | 00437nam a2200181Ia 4500 | ||
|---|---|---|---|
| 001 | 17108 | ||
| 005 | 20260306170401.0 | ||
| 008 | 260306t2012||||xx |||||||||||||| ||und|| | ||
| 041 | _aESP | ||
| 082 |
_a657.458 _bM22 |
||
| 100 |
_aMantilla B., Samuel Alberto _eAUT |
||
| 245 | 0 |
_aControl interno: _binforme COSO |
|
| 260 | _c2012 | ||
| 300 |
_a342 páginas : _c24 cm. |
||
| 650 | _aGEN | ||
| 654 | _aCCO | ||
| 942 |
_cLIB _dJUS _fJUS _2ddc _n |
||
| 999 |
_c17108 _d17108 |
||